| 000 | 00662nam a2200217 a 4500 | ||
|---|---|---|---|
| 001 | BRCA_8045 | ||
| 005 | 20190320210116.0 | ||
| 008 | 280314s1962----sz-a###f##---#001-0#fre-# | ||
| 041 | _afre | ||
| 044 | _asz | ||
| 050 | 4 |
_aNK4565 _b.B48 2 1962 |
|
| 100 | 1 |
_aBeurdeley, Michel _97813 |
|
| 245 | 1 | 0 |
_aPorcelaine de la Compagnie des Indes _cpar Michel Beurdeley. |
| 260 |
_aFribourg, Suiza _bOffice du Livre _cc1962 |
||
| 300 |
_a225 p. _bil. a color, 24 láminas, mapas _c30 cm. |
||
| 500 | _aEjemplar igual a Y20 e Y126. Ver también AA92 | ||
| 500 | _aY32 | ||
| 650 | 1 | 4 |
_aPorcelana china _vColeccionistas y colecciones _97814 |
| 902 | _aGFM | ||
| 942 |
_2lcc _cB |
||
| 999 |
_c7713 _d7713 |
||